000 00240nmm a2200085Ia 4500
008 220120s9999||||xx |||||||||||||||||und||
100 _aPCQ
245 0 _aMajor ubuntu releases and open resorce storege software
260 _aCyber media Pvt. Ltd.
999 _c139746
_d139746